Biggest Cities in Spain - Statistics

General Stats
  • This quiz has been taken 169,644 times
    169,639 since last reset
  • The average score is 10 of 20
Answers on the Map
Answers color-coded by a green-red scale on the quiz's map according to % correct below.
 
Answer Stats
Population City % Correct
3,277,451 Madrid
100%
1,627,559 Barcelona
99%
684,340 Seville
84%
788,842 Valencia
84%
345,749 Bilbao
74%
578,063 Málaga
65%
681,430 Zaragoza
55%
233,680 Granada
54%
424,837 Palma de Mallorca
50%
322,327 Córdoba
42%
459,778 Murcia
42%
245,541 A Coruña
40%
338,768 Alicante
39%
380,667 Las Palmas
36%
294,650 Vigo
36%
297,370 Valladolid
34%
269,311 Gijón
26%
235,566 Elche
17%
252,953 Vitoria-Gasteiz
15%
265,003 L'Hospitalet de Llobregat
12%
No matching quizzes found
Score Distribution
Percent of People with Each Score
Percentile by Number Answered
Your Score History
You have not taken this quiz since the last reset